|
|
|
|
| LEADER |
00596cam a2200205ua 4500 |
| 008 |
060815t2000||||||||||| 001 ||eng c |
| 020 |
|
|
|a 81-7541-061-2
|
| 041 |
0 |
|
|a eng
|
| 082 |
|
|
|a 342.54
|b REW
|
| 245 |
1 |
0 |
|a Reviewing the Constitution /
|
| 260 |
|
|
|a Delhi:
|b Shipra,
|c 2000.
|
| 300 |
|
|
|a viii,407p..
|
| 362 |
1 |
|
|a 2000.
|
| 365 |
|
|
|e HB
|
| 500 |
|
|
|a Includes bibliographies and index.
|
| 504 |
|
|
|a .
|
| 650 |
0 |
|
|a Constitutional law
|
| 942 |
|
|
|c BK
|
| 999 |
|
|
|c 11154
|d 11154
|
| 952 |
|
|
|0 0
|1 0
|4 0
|6 342_540000000000000_RE
|7 0
|9 11640
|a KUCL
|b KUCL
|d 2014-05-23
|l 0
|o 342.54 RE
|p 13027
|r 2014-05-23
|w 2014-05-23
|y BK
|